LEADER 01384nam 2200457 450 001 9910809807503321 005 20200127150505.0 010 $a979-1-0906-8539-0 035 $a(CKB)3710000000770499 035 $a(MiAaPQ)EBC4594666 035 $a(Au-PeEL)EBL4594666 035 $a(CaPaEBR)ebr11653963 035 $a(OCoLC)1086126864 035 $a(PPN)199243638 035 $a(EXLCZ)993710000000770499 100 $a20200127d2014 uy 0 101 0 $afre 135 $aurcnu|||||||| 181 $ctxt$2rdacontent 182 $cc$2rdamedia 183 $acr$2rdacarrier 200 10$aAlzheimer $efatalite? ou espoir? /$fcoordinateur, Francis Eustache ; contributeurs, Gae?lle Che?telat, Be?atrice Desgranges, Vincent de La Sayette 210 1$aParis, France :$cINSERM :$cLe Muscadier,$d[2014] 210 4$dİ2014 215 $a1 online resource (140 pages) $cillustrations 225 0 $aChoc Sant 311 $a979-1-0906-8530-7 606 $aAlzheimer's disease 615 0$aAlzheimer's disease. 676 $a616.831 700 $aEustache$b Francis$01123795 702 $aChetelat$b Gaelle$f1976- 702 $aDesgranges$b Be?atrice 702 $aLa Sayette$b Vincent de 801 0$bMiAaPQ 801 1$bMiAaPQ 801 2$bMiAaPQ 906 $aBOOK 912 $a9910809807503321 996 $aAlzheimer$94029234 997 $aUNINA LEADER 01786nam0 22004333i 450 001 VAN00299909 005 20260130105318.671 017 70$2N$a9789401706476 100 $a20251027d1999 |0itac50 ba 101 $aeng 102 $aNL 105 $a|||| ||||| 181 $ai$b e 182 $ab 183 $acr 200 1 $aAdvances in Decision Analysis$fedited by Nadine Meskens and Marc Roubens 210 $aDordrecht$cSpringer$cKluwer$d1999 215 $aix, 202 p.$d24 cm 410 1$1001VAN00085547$12001 $aMathematical modelling$etheory and applications$1210 $aDordrecht$cKluwer ; [poi] Springer$v4 606 $a90-XX$xOperations research, mathematical programming [MSC 2020]$3VANC025650$2MF 606 $a91B06$xDecision theory [MSC 2020]$3VANC021413$2MF 610 $aCalculus$9KW:K 610 $aData envelopment$9KW:K 610 $aData envelopment analysis$9KW:K 610 $aDecision theory$9KW:K 610 $aMulti-criteria decision analysis$9KW:K 620 $aNL$dDordrecht$3VANL000068 702 1$aMeskens$bNadine$3VANV254544$4340 702 1$aRoubens$bMarc$3VANV254545$4340 712 $aKluwer $3VANV108116$4650 712 $aSpringer $3VANV108073$4650 801 $aIT$bSOL$c20260206$gRICA 856 4 $uhttps://doi.org/10.1007/978-94-017-0647-6$zE-book ? Accesso al full-text attraverso riconoscimento IP di Ateneo, proxy e/o Shibboleth 899 $aBIBLIOTECA DEL DIPARTIMENTO DI MATEMATICA E FISICA$1IT-CE0120$2VAN08 912 $fN 912 $aVAN00299909 950 $aBIBLIOTECA DEL DIPARTIMENTO DI MATEMATICA E FISICA$d08DLOAD e-Book 13039 $e08eMF13039 20251112 996 $aAdvances in decision analysis$91217069 997 $aUNICAMPANIA